00455 2200181 4500001002100000005001500021008004100036020002200077035001900099041000700118082001100125090001700136100001400153245004800167260002400215300001900239650001500258INLIS00000000001419420241224114710241224||||||||| | ||| |||| || |  a978-979-3714-92-9 0010-1224014194 aid0 a371.32 a371.32 TIM b0 aKONPRENSI00aPAKET 3 IN 1 SIAP ULANGAN Harian & Semester aBogorbHikmahc2009 a254hlm;21x28cm 0apendidikan